Impacto en precios del Acuerdo Unión Europea-Mercosur sobre los bienes Agroindustriales (Registro nro. 22769)

Detalles MARC
000 -LEADER
fixed length control field 00366 a2200109 4500
001 - CONTROL NUMBER
control field ART_6501
005 - DATE AND TIME OF LATEST TRANSACTION
control field 20260410161826.0
008 - FIXED-LENGTH DATA ELEMENTS--GENERAL INFORMATION
fixed length control field 260409a
100 1# - MAIN ENTRY--PERSONAL NAME
Personal name Calá, Carla Daniela
245 10 - TITLE STATEMENT
Title Impacto en precios del Acuerdo Unión Europea-Mercosur sobre los bienes Agroindustriales
773 0# - HOST ITEM ENTRY
Title FACES
Related parts - Año 9, Nº 16 (ene./abr. 2003)
Record control number REV5046

No hay ítems disponibles.